Nhật ngữ căn bản Gồm 4 tập
Gorde:
| Formatua: | Liburua |
|---|---|
| Hizkuntza: | Undetermined |
| Gaiak: | |
| Etiketak: |
Etiketa erantsi
Etiketarik gabe, Izan zaitez lehena erregistro honi etiketa jartzen!
|
| Thư viện lưu trữ: | Trung tâm Học liệu Trường Đại học Cần Thơ |
|---|
| LEADER | 00422nam a2200157Ia 4500 | ||
|---|---|---|---|
| 001 | CTU_102066 | ||
| 008 | 210402s9999 xx 000 0 und d | ||
| 020 | |c 12000 | ||
| 082 | |a 495.6 | ||
| 082 | |b Nh124/T.2/C.2 | ||
| 245 | 0 | |a Nhật ngữ căn bản | |
| 245 | 0 | |b Gồm 4 tập | |
| 245 | 0 | |c T.2/ Cas.2 | |
| 650 | |a Japanese language | ||
| 904 | |i M.Loan | ||
| 980 | |a Trung tâm Học liệu Trường Đại học Cần Thơ | ||